Making transport work: business and the local transport plan process (Record no. 102378)

MARC details
000 -LEADER
fixed length control field 00868cam a2200229 4500
008 - FIXED-LENGTH DATA ELEMENTS--GENERAL INFORMATION
fixed length control field 020919n2002 000 0 eng u
020 ## - INTERNATIONAL STANDARD BOOK NUMBER
International Standard Book Number 184219108X
035 ## - SYSTEM CONTROL NUMBER
System control number (Sirsi) u119745
041 ## - LANGUAGE CODE
Language code of text/sound track or separate title eng.
100 ## - MAIN ENTRY--PERSONAL NAME
Personal name Banister, David
245 ## - TITLE STATEMENT
Title Making transport work: business and the local transport plan process
260 ## - PUBLICATION, DISTRIBUTION, ETC.
Place of publication, distribution, etc. London
Name of publisher, distributor, etc. RICS
Date of publication, distribution, etc. 2002
300 ## - PHYSICAL DESCRIPTION
Extent 34p.
Dimensions 31cm.
520 ## - SUMMARY, ETC.
Summary, etc. A study which provides chartered surveyors, local government, and businesses with a quick reference guide to how they may become involved in the local transport plan process.
520 ## - SUMMARY, ETC.
Summary, etc. Also has the 'Breakfast launch' booklet.
650 ## - SUBJECT ADDED ENTRY--TOPICAL TERM
Topical term or geographic name entry element LOCAL TRANSPORT PLANS
650 ## - SUBJECT ADDED ENTRY--TOPICAL TERM
Topical term or geographic name entry element BUSINESSES
650 ## - SUBJECT ADDED ENTRY--TOPICAL TERM
Topical term or geographic name entry element PLANNING
690 ## - LOCAL SUBJECT ADDED ENTRY--TOPICAL TERM (OCLC, RLIN)
Topical term or geographic name as entry element TRANSPORT AND COMMUNICATIONS
710 ## - ADDED ENTRY--CORPORATE NAME
Corporate name or jurisdiction name as entry element Royal Institution of Chartered Surveyors
Subordinate unit Planning and Development Faculty
9 (RLIN) 4351
942 ## - ADDED ENTRY ELEMENTS (KOHA)
Suppress in OPAC 0
Holdings
Withdrawn status Lost status Source of classification or shelving scheme Damaged status Not for loan Home library Current library Shelving location Date acquired Total Checkouts Full call number Barcode Date last seen Copy number Price effective from Koha item type
    Dewey Decimal Classification     London London RICS Boxes 03/12/2002   RICS 2002/53 30068281 06/08/2019 1 06/08/2019 Archive
    Dewey Decimal Classification     London London RICS Boxes 03/12/2002   RICS 2002/53 30068280 06/08/2019 2 06/08/2019 Reference material
    Dewey Decimal Classification     London London RICS Boxes 03/12/2002   RICS 2002/53 30068286 06/08/2019 4 06/08/2019 Book
    Dewey Decimal Classification     Virtual Virtual Online 28/03/2003   ONLINE PUBLICATION 119745-4001 06/08/2019 1 06/08/2019 Book